00414 a2200145 4500003000400000005001700004008004100021020001500062040000900077082001900086100002200105245008800127260003900215300001400254OSt20250702152052.0250702b |||||||| |||| 00| 0 eng d a8182741262 coclc a016.306bWAR/E aWarshaw, George F aEncyclopaedic Dictionary of Anthropology /cCompiled and edited by George F Warshaw aNew Delhi:bPentagon Press,c2004. a176 pages